Central Library and Information Centre
Sibsagar Girls' College, Sivasagar : Assam

HINDI KE ABHISAPTA UPANYASH ( ASHILATA KE SANDARV ME) (Record no. 11455)

MARC details
000 -LEADER
fixed length control field 00533cam a2200193ua 4500
008 - FIXED-LENGTH DATA ELEMENTS--GENERAL INFORMATION
fixed length control field 160515n II |||gr||||Z||||||hin
040 ## - CATALOGING SOURCE
Original cataloging agency MAIN
041 ## - LANGUAGE CODE
-- English
082 ## - DEWEY DECIMAL CLASSIFICATION NUMBER
Classification number 891.43 TON
245 ## - TITLE STATEMENT
Title HINDI KE ABHISAPTA UPANYASH ( ASHILATA KE SANDARV ME)
250 ## - EDITION STATEMENT
Edition statement 1ST.
260 ## - PUBLICATION, DISTRIBUTION, ETC.
Place of publication, distribution, etc. DELHI:
Name of publisher, distributor, etc. NAYA SAHITYA KENDRA ,
Date of publication, distribution, etc. 2013.
300 ## - PHYSICAL DESCRIPTION
Extent 288:
Dimensions 20CM.
500 ## - GENERAL NOTE
General note F/C by CENTRAL HINDI DIRECTORATE , DELHI on 13.10.2016
700 ## - ADDED ENTRY--PERSONAL NAME
Personal name TONKI, DR. RAJENDRA ,
Relator term AUTHOR.
942 ## - ADDED ENTRY ELEMENTS (KOHA)
Koha item type Books
653 ## - INDEX TERM--UNCONTROLLED
Uncontrolled term Hindi Books
Holdings
Withdrawn status Lost status Damaged status Not for loan Collection code Home library Current library Shelving location Date acquired Full call number Barcode Date last seen Copy number Price effective from Koha item type
        General Reference Central Library and Information Centre Sibsagar Girls College Central Library and Information Centre Sibsagar Girls College Hindi Books 27.02.2020 891.43 TON 09760 27.02.2020 1 27.02.2020 Books


Sibsagar Girl's College © 2020. All rights reserved.
Powered by Koha.
Maintained by Abhijit Borpuzari.